Statistics for Countries in the EU and NATO

Click here to take the quiz!

General Stats

  • This quiz has been taken 36 times
  • The average score is 20 of 21

Answer Stats

Countries% Correct
Germany
100%
Spain
100%
Belgium
97%
Denmark
97%
France
97%
Netherlands
97%
Poland
97%
Romania
97%
Bulgaria
94%
Estonia
94%
Latvia
94%
Lithuania
94%
Luxembourg
94%
Portugal
94%
Slovakia
94%
Slovenia
94%
Croatia
91%
Czech Republic
91%
Greece
91%
Italy
91%
Hungary
85%

Score Distribution

Percentile by Number Answered

Percent of People with Each Score

Your Score History

You have not taken this quiz